000
00423nam a2200145Ia 4500
008
090123s9999 xx 000 0 und d
082
_b
30163
245
_a
विनोद बत्तीशी
250
_a
1
260
_b
मॅजेस्टिक प्रकाशन
_c
1999
300
_a
173
630
_a
विनोद बत्तीशी
730
_a
विनोद बत्तीशी
942
_c
BOOK
999
_c
69098
_d
69098